Asbestos Alert (Record no. 109007)
[ view plain ]
| 000 -LEADER | |
|---|---|
| fixed length control field | 00357cam a22001575a 4500 |
| 001 - CONTROL NUMBER | |
| control field | L145990 |
| 008 - FIXED-LENGTH DATA ELEMENTS--GENERAL INFORMATION | |
| fixed length control field | 081128s xxk f 000 0 eng d |
| 020 ## - INTERNATIONAL STANDARD BOOK NUMBER | |
| International Standard Book Number | 9781857511185 |
| 035 ## - SYSTEM CONTROL NUMBER | |
| System control number | (Sirsi) u145990 |
| 041 0# - LANGUAGE CODE | |
| Language code of text/sound track or separate title | eng |
| 110 2# - MAIN ENTRY--CORPORATE NAME | |
| Corporate name or jurisdiction name as entry element | Construction skills |
| 9 (RLIN) | 5689 |
| 245 00 - TITLE STATEMENT | |
| Title | Asbestos Alert |
| 350 ## - PRICE (NR) (BK AM CF MU VM SE) [OBSOLETE] | |
| Price | £99.00 |
| 651 #4 - SUBJECT ADDED ENTRY--GEOGRAPHIC NAME | |
| Geographic name | ENGLAND AND WALES |
| 942 ## - ADDED ENTRY ELEMENTS (KOHA) | |
| Suppress in OPAC | 0 |
| Withdrawn status | Lost status | Source of classification or shelving scheme | Damaged status | Not for loan | Home library | Current library | Shelving location | Date acquired | Cost, normal purchase price | Total Checkouts | Full call number | Barcode | Date last seen | Copy number | Cost, replacement price | Price effective from | Koha item type |
|---|---|---|---|---|---|---|---|---|---|---|---|---|---|---|---|---|---|
| Dewey Decimal Classification | London | London | Enquiry desk | 28/11/2008 | 39.99 | AUDIO - ENQDESK | 30076138 | 06/08/2019 | 1 | 39.99 | 06/08/2019 | Reference material |